Normal view
MARC view
- O'Hanlon, Redmond
Entry Personal Name
001 - CONTROL NUMBER
- control field: 9061
003 - CONTROL NUMBER IDENTIFIER
- control field: OSt
005 - DATE AND TIME OF LATEST TRANSACTION
- control field: 20160525183217.0
008 - FIXED-LENGTH DATA ELEMENTS
- fixed length control field: 160525|| aca||aabn | a|a d
040 ## - CATALOGING SOURCE
- Original cataloging agency: OSt
100 ## - HEADING--PERSONAL NAME
- Personal name: O'Hanlon, Redmond
- Numeration: 1947
